000 00715nam a22002057a 4500
999 _c58871
_d58871
005 20221012150914.0
008 221012s2020ge xxu||||| |||| 00| 0 ger d
020 _a9783126071598
080 _a811.112.2'373 R-20
100 _a Ransberger, Karin.
_915278
245 _a Netzwerk neu :
_b A1 / Testheft mit Audios /
_cKarin Ransberger, Margret Rodi, Kirsten Althaus.
264 _aStuttgart:
_cErnst Klett Sprachen,
_b2020.
300 _a56 p.:
_bill.
440 _a Deutsch als Fremdsprache
_915298
653 _aNetzwerk neu. A1
653 _aგერმანული ლექსიკა
700 _aRodi, Margret.
_eAuthor
_915279
700 _a Althaus, Kirsten
_eAuthor
_915280
942 _2udc
_cBK